al-Qāhirah Madīnat al-fann wa-al-tijārah

محفوظ في:

المؤلف الرئيسي: Wiet, Gaston, 1887-1971.

مؤلفون آخرون: ʻIbādī, Muṣṭafá.

التنسيق: كتاب

اللغة: Undetermined

منشور في: Lubnān Maktabat Lubnān : Nushira bi-al-ishtirak maʻa mūʼasasat Franklīn lil-Ṭibāʻah wa-al-Nashir 1968.

الموضوعات:

الوسوم: إضافة وسم

لا توجد وسوم, كن أول من يضع وسما على هذه التسجيلة!

رقم الطلب: DT146 .W512 1968

LEADER 00791nam a2200193Ia 4500
008 231106s9999||||xx |||||||||||||| ||und||
050 4 |a DT146 .W512 1968 
100 1 |a Wiet, Gaston, 1887-1971. 
245 1 0 |a al-Qāhirah   |b Madīnat al-fann wa-al-tijārah  
246 1 3 |a Cairo, city of art and commerce. Arabic 
264 1 |a Lubnān   |b Maktabat Lubnān : Nushira bi-al-ishtirak maʻa mūʼasasat Franklīn lil-Ṭibāʻah wa-al-Nashir   |c 1968. 
300 |a 271 pages   |c 20 cm. 
500 |a Originally published: Norman : University of Okalhoma Press, 1964--verso t.p. 
504 |a Includes bibliographical references and index. 
650 4 |a Cairo (Egypt) -- History. 
650 4 |a Cairo (Egypt) -- Social life and customs. 
700 1 |a ʻIbādī, Muṣṭafá. 
942 |2 lcc  |c BK 
999 |c 54947  |d 54947